Catalog

Record Details

Catalog Search



Jefferson's treasure : how Albert Gallatin saved ... Read More

Available copies

  • 1 of 1 copy available at LARL/NWRL Consortium.

Current holds

0 current holds with 1 total copy.

Show Only Available Copies
Location Call Number / Copy Notes Barcode Shelving Location Status Due Date
Godel Memorial-Warren Library 973.3 MAY (Text) 35500006794133 Main Available -

Record details

  • ISBN: 9781621576457
  • ISBN: 1621576450
  • Physical Description: xxxii, 512 pages, 8 unnumbered pages of plates : ... Read More
  • Publisher: Washington, DC : Regnery History, [2018]

Content descriptions

Bibliography, etc. Note:
Includes bibliographical references (pages ... Read More
Formatted Contents Note:
Becoming Republican -- Political promise -- ... Read More
Summary, etc.:
From internationally known tax expert and former ... Read More
Subject: Gallatin, Albert, 1761-1849.
United States > Politics and government > 1783-1865.
Finance, Public > United States > History > To 1789.
Finance, Public > United States > History > 1789-1801.
Republicanism > United States > History.
Genre: Biographies.
History.
Biographies.
LDR 02171cam a2200433 i 4500
001440206
003LARL_NWRL_CONSORTIUM
00520240621184526.0
008180724s2018 dcuaf b 001 0beng
010 . ‡a2018035110
020 . ‡a9781621576457 ‡q(hardcover)
020 . ‡a1621576450
035 . ‡a(OCoLC)979556269
040 . ‡aDLC ‡beng ‡erda ‡cDLC ‡dVA@ ‡dXHS ‡dBTCTA ‡dOCLCF ‡dIPL ‡dYDX ‡dDLC ‡dYUS ‡dGUL ‡dNBO ‡dIGA ‡dZQP ‡dNDD ‡dOCLCO ‡dLIQ ‡dOCL ‡dBDX ‡dOCLCA ‡dOCLCQ ‡dOCLCO ‡dOCL ‡dOCLCO ‡dMRC
042 . ‡apcc
043 . ‡an-us---
08200. ‡a973.3092 ‡aB ‡223
090 . ‡aE302.6.G16 ‡bM39 2018
1001 . ‡aMay, Gregory, ‡d1953- ‡eauthor.
24510. ‡aJefferson's treasure : ‡bhow Albert Gallatin saved the new nation from debt / ‡cGregory May.
24630. ‡aHow Albert Gallatin saved the new nation from debt
264 1. ‡aWashington, DC : ‡bRegnery History, ‡c[2018]
300 . ‡axxxii, 512 pages, 8 unnumbered pages of plates : ‡billustrations (some color) ; ‡c24 cm
336 . ‡atext ‡btxt ‡2rdacontent
337 . ‡aunmediated ‡bn ‡2rdamedia
338 . ‡avolume ‡bnc ‡2rdacarrier
504 . ‡aIncludes bibliographical references (pages 317-504) and index.
5050 . ‡aBecoming Republican -- Political promise -- Gallatin's insurrection -- Opposition leader -- Republican triumph -- Debt and democracy -- Frugality's price -- Republicans at war -- Redemption -- Republican rebirth.
520 . ‡aFrom internationally known tax expert and former Supreme Court law clerk Gregory May comes this long overdue biography of the remarkable immigrant who launched the fiscal policies that shaped the early Republic and the future of American politics.
60010. ‡aGallatin, Albert, ‡d1761-1849.
651 0. ‡aUnited States ‡xPolitics and government ‡y1783-1865. ‡0(LARL_NWRL_CONSORTIUM)33515
650 0. ‡aFinance, Public ‡zUnited States ‡xHistory ‡yTo 1789.
650 0. ‡aFinance, Public ‡zUnited States ‡xHistory ‡y1789-1801.
650 0. ‡aRepublicanism ‡zUnited States ‡xHistory.
655 7. ‡aBiographies. ‡2fast
655 7. ‡aHistory. ‡2fast
655 7. ‡aBiographies. ‡2lcgft
901 . ‡a440206 ‡bAUTOGEN ‡c440206 ‡tbiblio

Additional Resources